História Sociedade & Cidadania 7ºano - Livro Professor (Record no. 120816)
[ view plain ]
| 000 -LÍDER | |
|---|---|
| campo de controle de tamanho fixo | 00275 a2200109 4500 |
| 001 - NÚMERO DE CONTROLE | |
| campo de controle | 120816 |
| 020 ## - ISBN - INTERNATIONAL STANDARD BOOK NUMBER | |
| ISBN - International Standard Book Number | 9788520003701 |
| 040 ## - FONTE DA CATALOGAÇÃO | |
| Instituição que transcreveu o registro | Escola Canadense de Niteroi |
| 100 ## - ENTRADA PRINCIPAL--NOME PESSOAL | |
| Nome pessoal | Júnior, Alfredo |
| 245 10 - TÍTULO | |
| Título | História Sociedade & Cidadania 7ºano - Livro Professor |
| 942 ## - ELEMENTOS DE ENTRADA ADICIONADOS (KOHA) | |
| Tipo de material Koha | Livros |
| Situação do descarte | Situação das perdas | Situação física | Não pode ser emprestado | Biblioteca de origem | Biblioteca atual | Data de aquisição | Total de empréstimos | Código de barras | Data de último acesso | Data do preço efetivo | Tipo de material Koha | Número de chamada completo |
|---|---|---|---|---|---|---|---|---|---|---|---|---|
| Canadian School of Niterói - Piratininga | Canadian School of Niterói - Piratininga | 09/02/2024 | A13158 | 09/02/2024 | 09/02/2024 | Livros | ||||||
| Canadian School of Niterói - Piratininga | Canadian School of Niterói - Piratininga | 09/02/2024 | A13480 | 09/02/2024 | 09/02/2024 | Livros | ||||||
| ESTA - SÃO BENTO | ESTA - SÃO BENTO | 30/04/2024 | EST00011036 | 30/04/2024 | 30/04/2024 | Livros | 900 BOU HIS | |||||
| ESTA - SÃO BENTO | ESTA - SÃO BENTO | 30/04/2024 | EST00011852 | 30/04/2024 | 30/04/2024 | Livros | 900 BOU HIS |